Dịch thuật và tự do

Trình bày những quan điểm cơ bản về dịch thuật. Phân tích và đưa ra những kiến giải trong vấn đề lí thuyết dịch thuật. Vai trò của ngôn ngữ và văn hoá trong dịch thuật. Thủ pháp dịch văn chương, dịch tin, dịch âm thanh thành hình ảnh, dịch nói...

全面介绍

Đã lưu trong:
书目详细资料
主要作者: Hồ, Đắc Túc
格式: 图书
语言:Undetermined
出版: Hà Nội Hồng Đức 2012
主题:
标签: 添加标签
没有标签, 成为第一个标记此记录!
Thư viện lưu trữ: Trung tâm Học liệu Trường Đại học Cần Thơ
LEADER 00987nam a2200205Ia 4500
001 CTU_181185
008 210402s9999 xx 000 0 und d
020 |c 105000 
082 |a 418.02 
082 |b T506 
100 |a Hồ, Đắc Túc 
245 0 |a Dịch thuật và tự do 
245 0 |c Hồ Đắc Túc 
260 |a Hà Nội 
260 |b Hồng Đức 
260 |c 2012 
520 |a Trình bày những quan điểm cơ bản về dịch thuật. Phân tích và đưa ra những kiến giải trong vấn đề lí thuyết dịch thuật. Vai trò của ngôn ngữ và văn hoá trong dịch thuật. Thủ pháp dịch văn chương, dịch tin, dịch âm thanh thành hình ảnh, dịch nói, dịch viết, dịch thuật chuyên ngành... 
650 |a Translating and interpreting,Dịch và phiên dịch 
904 |i Hải 
980 |a Trung tâm Học liệu Trường Đại học Cần Thơ